• 首页
  • 本馆介绍
  • 公告通知
  • 最新文献
  • 馆藏检索
  • 电子资源
  • 读者导购
  • 参考咨询
  • 我的图书馆
  • 登录
  • 详细信息显示
  • 放入我的书架
  • 预约/预借图书
  • 作者相关作品
  • 分类相关作品
  • 丛书相关作品
  • 出版社相关作品

书目信息

  • 表格格式
  • 工作单格式
  • 卡片格式
题名:
保教知识与能力
    
 
作者: ;丁洁琼 编著 ;国家教师资格考试研究中心 主编
分册:   幼儿园
出版信息: 北京   人民邮电出版社  2016.01
页数: 374页
开本: 26cm
丛书名:
单 册:
中图分类: G451.1 , G615
科图分类:
主题词: 教师素质--资格考试--教材 , 学前教育--幼教人员--资格考试--教材
电子资源:
ISBN: 978-7-115-41415-1
000 01153nam0 2200301 450
001 0120161762924
005 20160704090455.77
010    @a978-7-115-41415-1@dCNY49.80(含光盘)
100    @a20160315d2016 em y0chiy50 ea
101 0  @achi
102    @aCN@b110000
105    @ak z 000yy
106    @ar
200 1  @a保教知识与能力@9bao jiao zhi shi yu neng li@i幼儿园@f国家教师资格考试研究中心主编@g丁洁琼编著
210    @a北京@c人民邮电出版社@d2016.01
215    @a374页@d26cm@e1光盘
300    @a国家教师资格考试通用教材 严格依据教育部考试中心新版考试大纲编写
307    @a附光盘:ISBN 978-7-89397-798-5
330    @a本书共分为七个模块,主要内容包括:学前儿童发展、学前教育原理、生活指导、环境创设、游戏活动指导、教育活动的组织与实施、教学评价。
333    @a参加国家教师资格考试的考生
606 0  @a教师素质@x资格考试@j教材
606 0  @a学前教育@x幼教人员@x资格考试@j教材
690    @aG451.1@v5
690    @aG615@v5
702  0 @a丁洁琼@9ding jie qiong@4编著
711 02 @a国家教师资格考试研究中心@9guo jia jiao shi zi ge kao shi yan jiu zhong xin@4主编
801  0 @aCN@b人天书店@c20160315
905    @b880256-61@dG451.1@e157@f6
    
    保教知识与能力.幼儿园/国家教师资格考试研究中心主编/丁洁琼编著.-北京:人民邮电出版社,2016.01
    374页;26cm+1光盘
    国家教师资格考试通用教材 严格依据教育部考试中心新版考试大纲编写.-使用对象:参加国家教师资格考试的考生
    
    ISBN 978-7-115-41415-1:CNY49.80(含光盘)
    本书共分为七个模块,主要内容包括:学前儿童发展、学前教育原理、生活指导、环境创设、游戏活动指导、教育活动的组织与实施、教学评价。
●
相关链接 在E读中查询图书 在五车中查询图书 在当当中查询图书 在豆瓣中查询图书


正题名:保教知识与能力     索取号:G451.1/157         预约/预借

序号 登录号 条形码 馆藏地/架位号 状态 备注
1 880256   208802562   第一样本阅览室/ [索取号:G451.1/157] 在馆    
2 880257   208802571   教育系资料室/ [索取号:G451.1/157] 在馆    
3 880258   208802580   教育系资料室/ [索取号:G451.1/157] 在馆    
4 880259   208802599   教育系资料室/ [索取号:G451.1/157] 在馆    
5 880260   208802606   第四借阅区/ [索取号:G451.1/157] 在馆    
6 880261   208802615   第四借阅区/ [索取号:G451.1/157] 在馆    
唐山师范学院图书馆 欢迎您!
大连网信软件有限公司© 版权所有